000 00832nam a2200253 a 4500
001 42806
003 BD-RjUL
005 20211209053609.0
008 160616s1967 ne a b 00110 eng d
035 _a(BD-RjUL)42924
035 _a2229898
040 _aANL
_beng
_dANL
_dBD-RjUL
_cBD-RjUL
041 _aeng
082 0 _a614.0942
_223
_bFEE 1967
100 1 _aFeldstein, Martin S.
_9131550
245 1 0 _aEconomic analysis for health service efficiency :
_beconometric studies of the British National Health Service /
_cMartin S. Feldstein.
260 _aAmsterdam :
_bNorth Holland,
_c1967.
300 _axi, 322 p. :
_bill ;
_c24 cm.
500 _aIndex
504 _aBibliography
610 2 0 _aNational Health Service (Great Britain)
_9131552
942 _2ddc
_cBK
999 _c42806
_d42806